00691 2200181 4500245004500000020002200045250002600067100002100093700002500114700001900139650004300158005001900201260003600220041001400256084000800270300002100278500021000299 aSecretly MarriedcforgottenglimmerhText a978-602-6383-44-0 acet. 1 (edisi revisi) aforgottenglimmer aAirien Kusumawardani aAdeliany Azfar aNovel Inggris (dalam Bahasa Indonesia) a20241216080342 aDepokbHaru MdiacFebruari 2018 aIndonesia a823 a328 hlm :c19 cm aPhoebe Bernal mempunyai sebuah rahasia dengan salah satu dari bintang terkenal, Kent Fuentabella.Apa rahasia mereka? Di usia ke 17 ini, mereka telah satu tahun menikah. Tentu saja tak ada seorang pun tahu.